Ecología, sistemática y distribución de foraminiferos bentónicos entre la desembocadura del río Sinú y Coveñas, Caribe colombiano (Registro nro. 14775)

Detalles MARC
000 -CABECERA
Campo de control 004930000a22001330004500
090 ## - CLASIFICACIÓN LOCAL
Colección AS
Consecutivo Seriadas
041 0# - IDIOMA
Código de idioma para texto/pista de sonido o título separado
100 1# - ASIENTO PRINCIPAL--NOMBRE PERSONAL
Nombre personal Parada Ruffinatti, Carmen
245 10 - MENCION DE TITULO
Título Ecología, sistemática y distribución de foraminiferos bentónicos entre la desembocadura del río Sinú y Coveñas, Caribe colombiano
700 1# - ASIENTO SECUNDARIO - NOMBRE PERSONAL
Nombre personal Castillo Rodríguez, Esperanza
700 1# - ASIENTO SECUNDARIO - NOMBRE PERSONAL
Nombre personal Miranda Peña, M. Constanza
773 1# - Item fuente:
Título Caldasia
Especificación de materiales 45
Descripción física 67
Paginas del Articulo 299-327
Lugar, editorial y fecha de publicación 1985
Información sobre la relación 14
942 ## - ELEMENTOS ADICIONALES (KOHA)
Tipo de ítem Artículo

No hay ítems disponibles.